<?xml version="1.0" encoding="UTF-8"?>
<record
    xmlns:xsi="http://www.w3.org/2001/XMLSchema-instance"
    xsi:schemaLocation="http://www.loc.gov/MARC21/slim http://www.loc.gov/standards/marcxml/schema/MARC21slim.xsd"
    xmlns="http://www.loc.gov/MARC21/slim">

  <leader>00815nam a2200229Ia 4500</leader>
  <controlfield tag="001">12634</controlfield>
  <controlfield tag="003">GE_BSU</controlfield>
  <controlfield tag="008">181216s||||||||xx |||||||||||||| ||und||</controlfield>
  <datafield tag="040" ind1=" " ind2=" ">
    <subfield code="c">GE_BSU</subfield>
  </datafield>
  <datafield tag="080" ind1=" " ind2=" ">
    <subfield code="a">903'16(479.22)+63(479.22)(09)</subfield>
  </datafield>
  <datafield tag="100" ind1=" " ind2=" ">
    <subfield code="a">&#x41A;&#x438;&#x43A;&#x432;&#x438;&#x434;&#x437;&#x435;,&#x42F;.&#x410;.</subfield>
  </datafield>
  <datafield tag="245" ind1=" " ind2=" ">
    <subfield code="a">&#x417;&#x435;&#x43C;&#x43B;&#x435;&#x434;&#x435;&#x43B;&#x438;&#x435; &#x438; &#x437;&#x435;&#x43C;&#x43B;&#x435;&#x434;&#x435;&#x43B;&#x44C;&#x447;&#x435;&#x441;&#x43A;&#x438;&#x439; &#x43A;&#x443;&#x43B;&#x44C;&#x442; &#x432; &#x434;&#x440;&#x435;&#x432;&#x43D;&#x435;&#x439; &#x413;&#x440;&#x443;&#x437;&#x438;&#x438;(&#x43F;&#x43E; &#x430;&#x440;&#x445;&#x435;&#x43E;&#x43B;&#x43E;&#x433;&#x438;&#x447;&#x435;&#x441;&#x43A;&#x438;&#x43C; &#x43C;&#x430;&#x442;&#x435;&#x440;&#x438;&#x430;&#x43B;&#x430;&#x43C;)</subfield>
  </datafield>
  <datafield tag="245" ind1=" " ind2=" ">
    <subfield code="c">&#x420;&#x435;&#x434;.&#x410;.&#x418;.&#x414;&#x436;&#x430;&#x432;&#x430;&#x445;&#x438;&#x448;&#x432;&#x438;&#x43B;&#x438;</subfield>
  </datafield>
  <datafield tag="260" ind1=" " ind2=" ">
    <subfield code="a">&#x422;&#x431;&#x438;&#x43B;&#x438;&#x441;&#x438;</subfield>
  </datafield>
  <datafield tag="260" ind1=" " ind2=" ">
    <subfield code="b">&#x41C;&#x435;&#x446;&#x43D;&#x438;&#x435;&#x440;&#x435;&#x431;&#x430;</subfield>
  </datafield>
  <datafield tag="260" ind1=" " ind2=" ">
    <subfield code="c">1987</subfield>
  </datafield>
  <datafield tag="300" ind1=" " ind2=" ">
    <subfield code="a">267&#x441;&#x442;&#x440;.22&#x441;&#x43C;.&#x438;&#x43B;&#x43B;.</subfield>
  </datafield>
  <datafield tag="541" ind1=" " ind2=" ">
    <subfield code="h">4 &#x41B;.50&#x422;.</subfield>
  </datafield>
  <datafield tag="653" ind1=" " ind2=" ">
    <subfield code="a">&#x417;&#x435;&#x43C;&#x43B;&#x435;&#x434;&#x435;&#x43B;&#x438;&#x435; &#x438; &#x437;&#x435;&#x43C;&#x43B;&#x435;&#x434;&#x435;&#x43B;&#x44C;&#x447;&#x435;&#x441;&#x43A;&#x438;&#x439; &#x43A;&#x443;&#x43B;&#x44C;&#x442; &#x432; &#x434;&#x440;&#x435;&#x432;&#x43D;&#x435;&#x439; &#x413;&#x440;&#x443;&#x437;&#x438;&#x438;</subfield>
  </datafield>
  <datafield tag="653" ind1=" " ind2=" ">
    <subfield code="a">&#x10D0;&#x10E0;&#x10E5;&#x10D4;&#x10DD;&#x10DA;&#x10DD;&#x10D2;&#x10D8;&#x10D0;</subfield>
  </datafield>
  <datafield tag="942" ind1=" " ind2=" ">
    <subfield code="c">BK</subfield>
  </datafield>
  <datafield tag="999" ind1=" " ind2=" ">
    <subfield code="c">45806</subfield>
    <subfield code="d">45806</subfield>
  </datafield>
  <datafield tag="952" ind1=" " ind2=" ">
    <subfield code="0">0</subfield>
    <subfield code="1">0</subfield>
    <subfield code="4">0</subfield>
    <subfield code="7">0</subfield>
    <subfield code="9">60068</subfield>
    <subfield code="d">2018-12-17</subfield>
    <subfield code="p">20585</subfield>
    <subfield code="r">2018-12-17</subfield>
    <subfield code="w">2018-12-17</subfield>
    <subfield code="y">BK</subfield>
  </datafield>
</record>
